Affordable housing supply England 2007-2008 (Record no. 109086)
[ view plain ]
| 000 -LEADER | |
|---|---|
| fixed length control field | 01406cad a22002415a 4500 |
| 001 - CONTROL NUMBER | |
| control field | L146248 |
| 008 - FIXED-LENGTH DATA ELEMENTS--GENERAL INFORMATION | |
| fixed length control field | 081219e20081812xxkd f s 000 0 eng d |
| 020 ## - INTERNATIONAL STANDARD BOOK NUMBER | |
| International Standard Book Number | 9781409809876 |
| 035 ## - SYSTEM CONTROL NUMBER | |
| System control number | (Sirsi) u146248 |
| 041 0# - LANGUAGE CODE | |
| Language code of text/sound track or separate title | eng |
| 050 04 - LIBRARY OF CONGRESS CALL NUMBER | |
| Classification number | 306.1 $2 18 |
| 110 2# - MAIN ENTRY--CORPORATE NAME | |
| Corporate name or jurisdiction name as entry element | United Kingdom |
| Subordinate unit | Department for Communities and Local Government |
| 9 (RLIN) | 4939 |
| 245 00 - TITLE STATEMENT | |
| Title | Affordable housing supply England 2007-2008 |
| Medium | [electronic resource] |
| 260 ## - PUBLICATION, DISTRIBUTION, ETC. | |
| Place of publication, distribution, etc. | London |
| Name of publisher, distributor, etc. | DCLG |
| Date of publication, distribution, etc. | 2008 |
| 505 2# - FORMATTED CONTENTS NOTE | |
| Formatted contents note | Headlines -- Introduction -- New build and acquisition trends -- National trends in new affordable homes -- Regional trends -- Affordable housing targets -- Data collection -- Strengths & weaknesses of data -- Guidance notes -- Enquiries |
| 520 ## - SUMMARY, ETC. | |
| Summary, etc. | Latest government statistics for affordable housing supply in England. 53 370 additional affordable homes were supplied in 2008, an increase of 21 percent. New build homes accounted for 43 561 or 81 percent of affordable homes during the period. Just under half (47 percent) of affordable homes were provided in London and eight out of nine regions showed an increase in available affordable homes. |
| 521 ## - TARGET AUDIENCE NOTE | |
| Target audience note | Advanced |
| 590 ## - LOCAL NOTE (RLIN) | |
| Local note | KA |
| 651 #4 - SUBJECT ADDED ENTRY--GEOGRAPHIC NAME | |
| Geographic name | England and Wales |
| Chronological subdivision | 1543- |
| 690 ## - LOCAL SUBJECT ADDED ENTRY--TOPICAL TERM (OCLC, RLIN) | |
| Topical term or geographic name as entry element | Residential property |
| 9 (RLIN) | 6266 |
| 856 40 - ELECTRONIC LOCATION AND ACCESS | |
| Uniform Resource Identifier | <a href="https://www.communities.gov.uk/documents/statistics/pdf/1102058.pdf">https://www.communities.gov.uk/documents/statistics/pdf/1102058.pdf</a> |
| Public note | View the item free of charge online at www.communities.gov.uk |
| 942 ## - ADDED ENTRY ELEMENTS (KOHA) | |
| Suppress in OPAC | 0 |
| Withdrawn status | Lost status | Source of classification or shelving scheme | Damaged status | Not for loan | Home library | Current library | Shelving location | Date acquired | Total Checkouts | Full call number | Barcode | Date last seen | Copy number | Price effective from | Koha item type |
|---|---|---|---|---|---|---|---|---|---|---|---|---|---|---|---|
| Dewey Decimal Classification | Virtual | Virtual | Online | 19/12/2008 | ONLINE PUBLICATION | 146248-1001 | 06/08/2019 | 1 | 06/08/2019 | Book |